Byzance
Αποθηκεύτηκε σε:
| Κύριος συγγραφέας: | |
|---|---|
| Μορφή: | Βιβλίο |
| Γλώσσα: | French |
| Δημοσίευση: |
Paris :
A. Fayard,
1939
|
| Σειρά: | Grandes etudes historiques
|
| Θέματα: | |
| Ετικέτες: |
Προσθήκη ετικέτας
Δεν υπάρχουν, Καταχωρήστε ετικέτα πρώτοι!
|
MARC
| LEADER | 00000cam a2200000 i 4500 | ||
|---|---|---|---|
| 001 | 1/2263 | ||
| 008 | 000425s1939 fre d | ||
| 035 | |l 10060344 | ||
| 040 | |a GR-MY-UA |b gre |e aacr | ||
| 041 | 0 | |a fre | |
| 082 | 0 | |a 938.3 | |
| 100 | 1 | |a Bailly, Auguste, |d 1878-1967. | |
| 245 | 1 | 0 | |a Byzance / |c Auguste Bailly |
| 260 | |a Paris : |b A. Fayard, |c 1939 | ||
| 300 | |a 442 p.; |c 19 cm. | ||
| 490 | 1 | |a Grandes etudes historiques | |
| 504 | |a Bibliography: p. 8-9 | ||
| 651 | 0 | |a Byzantine Empire |x History. | |
| 651 | 0 | |a Byzantine Empire |x Civilization. | |
| 830 | 0 | |a Grandes etudes historiques | |
| 852 | |a INST |b LESVOS |e 20000425 |h 938.3 BAI |p 005100021149 |q 005100021149 |t BK |y 0 | ||
| 901 | |a BIBL1-2000-2 | ||
| 909 | |a Λ |b 072416 | ||
| 970 | |z 2000/04/ΜΙΧΑΗΛΙΔΟΥ ΑΝΝΑ | ||